| 000 | 01046nam a2200277 a 4500 | ||
|---|---|---|---|
| 001 | BRCA_4861 | ||
| 005 | 20190320204832.0 | ||
| 008 | 041208s1990----fr-a######---#000-0#spa-u | ||
| 020 | _a2711822354 | ||
| 041 | _aspa | ||
| 044 | _afr | ||
| 050 | 4 |
_aN8670 _b.L68 1990 |
|
| 245 | 1 | 0 |
_aLouvre _cPierre Quoniam ; traducción N. Boër y C. Marinas ; diseño Pierre Bernard, Fokke Draaijer. |
| 260 |
_aFrancia _bMinistére de la Culture, de la Communication, des Grands Travaux et du Bicentenaire : Réunion des Musèes Nationaux _c1990 |
||
| 300 |
_a111 p. _bil., 158 láminas a color _c22 cm. |
||
| 500 | _aDonación Dr. Héctor Rivero Borrell Vázquez | ||
| 610 | 2 | 4 |
_aMuseo Louvre _vExposiciones _xArte europeo _912291 |
| 650 | 1 | 4 |
_aArte europeo _vCatálogos _xHistoria _zEuropa _912292 |
| 700 | 1 |
_aQuoniam, Pierre _912293 |
|
| 700 | 1 |
_aBoër, N. _eTraductor _912294 |
|
| 700 | 1 |
_aMarinas, C. _eTraductor _912295 |
|
| 700 | 1 |
_aDraaijer, Fokke _eDiseñador _912296 |
|
| 700 | 1 |
_aBernard, Pierre _eDiseñador _912297 |
|
| 902 | _aDHR | ||
| 942 |
_2lcc _cB |
||
| 999 |
_c4555 _d4555 |
||